[Event "GER-ch U25-B"]
[Site "Willingen"]
[Date "2023.06.02"]
[Round "8"]
[White "Beberhold, Otto Richard"]
[Black "Hartwig, Eric Jordan"]
[Result "1/2-1/2"]
[WhiteElo "1427"]
[BlackElo "1534"]
[PlyCount "80"]
[EventDate "2023.05.27"]
[EventType "swiss"]
[EventRounds "9"]
[EventCountry "GER"]
[SourceTitle "CBM 214 Extra"]
[Source "ChessBase"]
[SourceDate "2023.07.31"]
[SourceVersion "1"]
[SourceVersionDate "2023.07.31"]
[SourceQuality "1"]

1. d4 Nf6 2. c4 e6 3. Nc3 Bb4 4. e3 0-0 5. Qc2 Re8 6. Nf3 b6 7. Bd2 Bb7 8. Be2 d5 9. 0-0 dxc4 10. Bxc4 Nc6 11. a3 Bxc3 12. Bxc3 Ne7 13. b4 Ne4 14. Bb2 Nf5 15. Bb5 Rf8 16. Ne5 Ned6 17. Bc6 a5 18. Rac1 axb4 19. axb4 Ra7 20. Rfd1 Ne7 21. Bxb7 Rxb7 22. e4 Qe8 23. f3 Qb5 24. Qc3 Rd8 25. d5 f6 26. Nc6 Nxc6 27. dxc6 Rbb8 28. Qb3 Kf7 29. Qc3 Ke7 30. e5 Ne8 31. f4 Rd5 32. Rxd5 Qxd5 33. Qd4 Qxd4+ 34. Bxd4 Rd8 35. Rd1 f5 36. Kf2 Ra8 37. Kg3 Ra3+ 38. Kh4 Rb3 39. Bf2 Rxb4 40. Be1 Rb3 1/2-1/2

[Event "GER-ch Youth-B"]
[Site "Willingen"]
[Date "2022.06.11"]
[Round "9"]
[White "Schilay, Maria"]
[Black "Hartwig, Eric Jordan"]
[Result "1/2-1/2"]
[WhiteElo "1568"]
[BlackElo "1510"]
[PlyCount "52"]
[EventDate "2022.06.04"]
[EventType "swiss"]
[EventRounds "9"]
[EventCountry "GER"]
[SourceTitle "CBM 208 Extra"]
[Source "ChessBase"]
[SourceDate "2022.07.31"]
[SourceVersion "1"]
[SourceVersionDate "2022.07.31"]
[SourceQuality "1"]

1. e4 c5 2. Nc3 Nc6 3. g3 a6 4. Bg2 e6 5. d3 Nge7 6. Be3 d6 7. Qd2 b6 8. Nge2 Bb7 9. d4 e5 10. dxc5 dxc5 11. Rd1 Qc7 12. 0-0 Nd4 13. Nd5 Nxd5 14. exd5 Bd6 15. c4 0-0 16. b3 f5 17. f4 Nxe2+ 18. Qxe2 e4 19. Bd2 b5 20. Bc3 b4 21. Ba1 a5 22. a4 bxa3 23. Qa2 a4 24. Qxa3 axb3 25. Qxb3 Rfb8 26. Qc3 Ra7 1/2-1/2

[Event "GER-ch Youth-B"]
[Site "Willingen"]
[Date "2022.06.10"]
[Round "8"]
[White "Hartwig, Eric Jordan"]
[Black "Uhlmann, Jonas"]
[Result "1-0"]
[WhiteElo "1510"]
[BlackElo "1315"]
[PlyCount "100"]
[EventDate "2022.06.04"]
[EventType "swiss"]
[EventRounds "9"]
[EventCountry "GER"]
[SourceTitle "CBM 208 Extra"]
[Source "ChessBase"]
[SourceDate "2022.07.31"]
[SourceVersion "1"]
[SourceVersionDate "2022.07.31"]
[SourceQuality "1"]

1. e4 e5 2. d4 exd4 3. Qxd4 Nc6 4. Qe3 Nf6 5. Nc3 Bb4 6. Bd2 0-0 7. 0-0-0 Re8 8. Bc4 d6 9. f3 d5 10. Nxd5 Nxd5 11. Bxd5 Qxd5 12. exd5 Rxe3 13. Bxe3 Ne7 14. Ne2 Bf5 15. a3 Bd6 16. c4 b6 17. Rhe1 a5 18. Bf4 Bc5 19. Ng3 Rc8 20. Ne4 Bxe4 21. fxe4 Ng6 22. g3 f6 23. d6 Nxf4 24. d7 Rd8 25. gxf4 Kf7 26. e5 fxe5 27. fxe5 Ke6 28. Rf1 h6 29. Kc2 Be7 30. Rfe1 c5 31. Kb3 Bh4 32. Rd6+ Kf7 33. Rf1+ Ke7 34. Rfd1 Bf2 35. R1d5 Bd4 36. Rg6 Kf7 37. e6+ Ke7 38. Ka4 Bxb2 39. Kb5 Bf6 40. Kxb6 Kxe6 41. Kc6 Kf7 42. Rg3 Bd4 43. Rb3 Ke7 44. Kc7 Bf6 45. Re3+ Kf7 46. Kd6 a4 47. Rxc5 Bg5 48. Rf3+ Kg8 49. Rc8 Kh7 50. c5 Bc1 1-0

[Event "GER-ch Youth-B"]
[Site "Willingen"]
[Date "2022.06.06"]
[Round "3"]
[White "Abou Wally, Adrian"]
[Black "Hartwig, Eric Jordan"]
[Result "1/2-1/2"]
[WhiteElo "1601"]
[BlackElo "1510"]
[PlyCount "53"]
[EventDate "2022.06.04"]
[EventType "swiss"]
[EventRounds "9"]
[EventCountry "GER"]
[SourceTitle "CBM 208 Extra"]
[Source "ChessBase"]
[SourceDate "2022.07.31"]
[SourceVersion "1"]
[SourceVersionDate "2022.07.31"]
[SourceQuality "1"]

1. e4 c5 2. Nc3 Nc6 3. Bb5 d6 4. Bxc6+ bxc6 5. Nge2 Nf6 6. d3 e5 7. 0-0 Be7 8. f4 exf4 9. Bxf4 0-0 10. Ng3 Ng4 11. h3 Ne5 12. Bxe5 dxe5 13. Qf3 c4 14. Kh1 cxd3 15. cxd3 g6 16. Rad1 Rb8 17. b3 Qa5 18. d4 Bb4 19. Na4 exd4 20. Rxd4 c5 21. Rdd1 c4 22. Rd5 Qa6 23. Nh5 f5 24. Ng3 cxb3 25. axb3 Bb7 26. Rd4 fxe4 27. Qd1 1/2-1/2

[Event "GER-ch Youth-B"]
[Site "Willingen"]
[Date "2022.06.05"]
[Round "2"]
[White "Hartwig, Eric Jordan"]
[Black "Bouhadjer, Youcef"]
[Result "1-0"]
[WhiteElo "1510"]
[BlackElo "1630"]
[PlyCount "93"]
[EventDate "2022.06.04"]
[EventType "swiss"]
[EventRounds "9"]
[EventCountry "GER"]
[SourceTitle "CBM 208 Extra"]
[Source "ChessBase"]
[SourceDate "2022.07.31"]
[SourceVersion "1"]
[SourceVersionDate "2022.07.31"]
[SourceQuality "1"]

1. e4 e6 2. Qe2 c5 3. Nf3 Nc6 4. d3 e5 5. g3 d6 6. Bg2 Bg4 7. c3 h6 8. h3 Be6 9. 0-0 Qd7 10. Kh2 Nf6 11. Be3 b5 12. Nbd2 g5 13. Ne1 Rc8 14. f4 Qc7 15. fxe5 Nd7 16. d4 Bc4 17. Nxc4 bxc4 18. Qxc4 Nb6 19. Qe2 dxe5 20. d5 Nd8 21. Qh5 Bg7 22. b3 Qd6 23. c4 a5 24. Nd3 Nd7 25. Bd2 Nf6 26. Qf3 Nb7 27. Qf5 0-0 28. Qxe5 Qxe5 29. Nxe5 Nxe4 30. Bxe4 Bxe5 31. Rae1 Rfe8 32. Bf5 Ra8 33. Bd7 Re7 34. Bc6 Rb8 35. Bc3 Bd6 36. Rxe7 Bxe7 37. Re1 Kf8 38. Bg7+ Kxg7 39. Rxe7 Nd6 40. Ra7 Kf6 41. Rxa5 Ke5 42. Rxc5 Kd4 43. Ra5 Ke3 44. c5 Ne4 45. d6 Rb4 46. Ra4 Rb8 47. Rxe4+ 1-0

[Event "GER-chT U16"]
[Site "Magdeburg"]
[Date "2019.12.29"]
[Round "5.9"]
[White "Hartwig, Eric Jordan"]
[Black "Zhang, Guo Hong"]
[Result "1-0"]
[WhiteElo "1170"]
[BlackElo "1217"]
[PlyCount "109"]
[EventDate "2019.12.27"]
[EventType "team-swiss"]
[EventRounds "7"]
[EventCountry "GER"]
[SourceTitle "CBM 194 Extra"]
[Source "ChessBase"]
[SourceDate "2020.03.31"]
[SourceVersion "1"]
[SourceVersionDate "2020.03.31"]
[SourceQuality "1"]
[WhiteTeam "Muenster"]
[BlackTeam "Stuttgart"]
[WhiteTeamCountry "GER"]
[BlackTeamCountry "GER"]

1. e4 c5 2. Nf3 d6 3. d4 cxd4 4. Nxd4 Nf6 5. Nc3 e5 6. Nf3 Be7 7. Be3 0-0 8. Qd2 Ng4 9. Bg5 Bxg5 10. Nxg5 Nc6 11. f3 Nf6 12. Nb5 d5 13. Qe3 Qa5+ 14. Qc3 Qxc3+ 15. Nxc3 d4 16. Nb5 Bd7 17. Nd6 Nb4 18. Kd2 Be6 19. Nxe6 fxe6 20. Bc4 Nh5 21. Bxe6+ Kh8 22. Nf7+ Kg8 23. Nxe5+ Kh8 24. Bb3 Nf4 25. g3 Ng2 26. f4 g5 27. Nf7+ Rxf7 28. Bxf7 Rf8 29. Bd5 gxf4 30. gxf4 Nxf4 31. Raf1 Rc8 32. Rxf4 Rxc2+ 33. Kd1 d3 34. Rg1 Rc8 35. Rfg4 h6 36. Rg8+ Rxg8 37. Bxg8 Nc6 38. Bd5 Ne5 39. Bxb7 h5 40. Rg5 Nc4 41. Ba6 Ne3+ 42. Kd2 Nf1+ 43. Kxd3 h4 44. Rh5+ Kg7 45. Rxh4 Kf6 46. Kd4 Nd2 47. Rf4+ Kg5 48. Rf2 Nxe4 49. Kxe4 Kg4 50. Rg2+ Kh5 51. Kf4 Kh4 52. Bc8 a5 53. Rg8 Kh5 54. Bf5 Kh6 55. a4 1-0

[Event "GER-chT U16"]
[Site "Magdeburg"]
[Date "2019.12.29"]
[Round "6.10"]
[White "Weis, Oskar"]
[Black "Hartwig, Eric Jordan"]
[Result "0-1"]
[WhiteElo "1155"]
[BlackElo "1170"]
[PlyCount "88"]
[EventDate "2019.12.27"]
[EventType "team-swiss"]
[EventRounds "7"]
[EventCountry "GER"]
[SourceTitle "CBM 194 Extra"]
[Source "ChessBase"]
[SourceDate "2020.03.31"]
[SourceVersion "1"]
[SourceVersionDate "2020.03.31"]
[SourceQuality "1"]
[WhiteTeam "Magdeburg USC"]
[BlackTeam "Muenster"]
[WhiteTeamCountry "GER"]
[BlackTeamCountry "GER"]

1. e4 c5 2. Nc3 Nc6 3. f4 d6 4. Nf3 f5 5. Bb5 Nf6 6. Bxc6+ bxc6 7. e5 Ne4 8. Nxe4 fxe4 9. Ng5 Bf5 10. e6 Bg6 11. f5 h6 12. Nf7 Bxf7 13. exf7+ Kxf7 14. Qh5+ Kg8 15. 0-0 Qe8 16. Qg4 d5 17. b3 h5 18. Qg5 Rh6 19. d3 Rf6 20. Bb2 e5 21. dxe4 dxe4 22. Rae1 Be7 23. Bxe5 Rg6 24. Qf4 Rg4 25. Qe3 Bh4 26. Bg3 Bxg3 27. hxg3 Qe5 28. Rf4 Rxf4 29. gxf4 Qxf5 30. Qxe4 Rf8 31. Qxf5 Rxf5 32. Rf1 c4 33. bxc4 Rc5 34. Rf2 Rxc4 35. Kh2 g6 36. Kh3 Kg7 37. g4 Rc3+ 38. Kh4 hxg4 39. Kxg4 Kf6 40. Rg2 a5 41. Rd2 c5 42. Rd6+ Kf7 43. Kg5 Rxc2 44. Rxg6 Rg2+ 0-1

[Event "GER-chT U16"]
[Site "Magdeburg"]
[Date "2019.12.28"]
[Round "4.8"]
[White "Gillmeister, Gino"]
[Black "Hartwig, Eric Jordan"]
[Result "1-0"]
[WhiteElo "1599"]
[BlackElo "1170"]
[PlyCount "119"]
[EventDate "2019.12.27"]
[EventType "team-swiss"]
[EventRounds "7"]
[EventCountry "GER"]
[SourceTitle "CBM 194 Extra"]
[Source "ChessBase"]
[SourceDate "2020.03.31"]
[SourceVersion "1"]
[SourceVersionDate "2020.03.31"]
[SourceQuality "1"]
[WhiteTeam "Lichtenberg Borussia"]
[BlackTeam "Muenster"]
[WhiteTeamCountry "GER"]
[BlackTeamCountry "GER"]

1. b3 Nf6 2. Bb2 g6 3. e3 Bg7 4. Nf3 d6 5. d4 Nbd7 6. c4 c5 7. Be2 e6 8. 0-0 0-0 9. Nbd2 d5 10. Rc1 b6 11. h3 Bb7 12. Qc2 cxd4 13. Nxd4 Rc8 14. Qb1 Qe7 15. Rfd1 dxc4 16. Nxc4 Rfd8 17. Nb5 Ba6 18. Nbd6 Rc6 19. Bf3 Rc7 20. Ba3 Nc5 21. b4 Bxc4 22. bxc5 Bd5 23. Bxd5 Nxd5 24. Nb5 Rc6 25. cxb6 Rxc1 26. Qxc1 Qb7 27. Nxa7 Qxb6 28. Nc6 Rc8 29. Rxd5 Rxc6 30. Rc5 Rxc5 31. Qxc5 Qxc5 32. Bxc5 Bc3 33. Kf1 f5 34. Ke2 Kf7 35. Kd3 Be1 36. f3 Ke8 37. Kc4 Kd7 38. Kb5 Kc7 39. a4 h5 40. f4 Bc3 41. Bd4 Bd2 42. a5 Be1 43. a6 Kb8 44. Kc6 Bh4 45. Kd7 g5 46. Kxe6 gxf4 47. exf4 Bg3 48. Kxf5 h4 49. Ke6 Be1 50. f5 Bb4 51. f6 Kc7 52. a7 Kb7 53. f7 Ka8 54. Kd7 Bf8 55. Ke8 Bh6 56. f8Q Bxf8 57. Kxf8 Kb7 58. Bf2 Ka8 59. Bxh4 Kxa7 60. g4 1-0